Statistiques concernant Anagrammes de couleurs

Cliquez ici pour prendre le quiz!

Statistiques générales

  • Ce quiz a été pris 69 fois
  • Le résultat moyen est 19 sur 94

Statistiques - réponses

AnagrammesCouleursIndice% Correct
JEUNAJaune
100%
ORGANEOrange
100%
ORGUERouge
99%
OLIVETViolet
99%
BELBlé
97%
SORERose
96%
ORINNoir
94%
LIRACClairB / V
51%
ANIMERMarineB
49%
LICECielB
36%
BIQUES / BIQUERBisque / BriqueR
34%
ENGAMATMagentaR
34%
MANADEAmandeV
30%
REGNATArgent / GrenatR / B
28%
NILLinB
28%
AMISMaïsJ
28%
UNITNuitB
28%
FACECaféM
25%
CUREEcruB
25%
MIELLimeV
25%
GANSSangR
25%
PAINSSapinV
24%
ECRANNacreB
22%
VOILEOliveV
22%
OUILLERRouilleM
22%
SUBIRRubisR
22%
BLASESableJ / N
22%
GRIVEGivréB
21%
COREOcreJ / R
21%
LEPREPerleG
21%
BURLEBruléO
19%
BLUTEEBleuetB
18%
CARDANCanardB
18%
SELECTECelesteB
18%
EGOSILLERGroseilleR
18%
RAMPEParmeV
18%
USAGESaugeV
18%
ROUSSISourisG
18%
BEUGNERAIAubergineV
16%
CUVIERCuivreO
16%
CHENILLichenV
16%
PALLIEPailleJ
16%
ORIPEAUPoireauV
16%
SUPERSPrusseB
16%
FUEROSSoufreJ
16%
BRAMEAmbreJ
15%
CHOMAISChamoisJ
15%
CLORAICorailR
15%
FERAISFraiseR
15%
GUANINESSanguineR
15%
BORNEZBronzeM
13%
CABLOTCobaltB / J
13%
EMOTTATomateR
13%
COUCHACachouM
12%
CREAIAcierB / G
10%
COTTERACarotteO
10%
ECRIESCeriseR
10%
VANDALELavandeV
10%
SOMMAIMimosaJ
10%
ETETIONSNoisetteM
10%
RICANANTIncarnatR
9%
MANOUSSaumonR vers O
9%
MALTSSmaltB
9%
ROUERAAuroreJ
7%
CALETERAEcarlateR
7%
UROMETREOutremerB
7%
PANSERPersanB
7%
FERASSafreB
7%
RENOVEESVéronèseV
7%
SIGNALAAnglaisR
6%
ARNICACanariJ
6%
CARNAGEGaranceR
6%
EPAISSepiaN vers O
6%
CHANTERAITAnthraciteN
4%
RECLAMACaramelM
4%
RECHUTERASChartreuseV
4%
ENGENDRAIGrenadineR
4%
RIPERAIPrairieV
4%
PENDRAIEpinardV
3%
LUGEUSEGueulesR
3%
REMPILAIImperialJ / V
3%
ABEILLESIsabelleB
3%
LAINEURLunaireB
3%
AMICTSMasticG
3%
PANELSNaplesJ
3%
RAPINSPrasinV
3%
CALENDOCaledonV
1%
CABINERCinabreR
1%
DEVISSEEde VessieV
1%
PELOTERPetroleB
1%
SCAPHITEPistacheV
1%
SCLERALESarcelleB
1%
EPSILONSinopleV
1%
MIGNARDASSmaragdinV
1%

Distribution des résultats

Percentile par nombre de réponses

% des personnes avec chaque résultat

Votre développement - résultats

Vous n’avez pas pris ce quiz